Euro mediation (Record no. 74946)
[ view plain ]
| 000 -LEADER | |
|---|---|
| fixed length control field | 01162cam a2200241 4500 |
| 001 - CONTROL NUMBER | |
| control field | ABS68823 |
| 008 - FIXED-LENGTH DATA ELEMENTS--GENERAL INFORMATION | |
| fixed length control field | 050318n2005 000 0 eng u |
| 035 ## - SYSTEM CONTROL NUMBER | |
| System control number | (Sirsi) u129105 |
| 100 ## - MAIN ENTRY--PERSONAL NAME | |
| Personal name | Reston, R. |
| 245 ## - TITLE STATEMENT | |
| Title | Euro mediation |
| 260 ## - PUBLICATION, DISTRIBUTION, ETC. | |
| Date of publication, distribution, etc. | 2005 |
| 490 ## - SERIES STATEMENT | |
| Series statement | Solicitors' Journal |
| Volume/sequential designation | 149(9) 4 March 2005, 248(1) |
| 520 ## - SUMMARY, ETC. | |
| Summary, etc. | Discusses the proposal for a directive on mediation in civil and commercial matters. The objective of this directive is to facilitate access to dispute resolution by promoting the use of mediation and ensuring a sound relationship between mediation and judicial proceedings. Argues that it will have little effect on disputes appearing before English courts as the current policy of attempting to resolve disputes by alternative dispute resolution is already an established part of the dispute resolution landscape. |
| 590 ## - LOCAL NOTE (RLIN) | |
| Local note | ABS |
| 650 ## - SUBJECT ADDED ENTRY--TOPICAL TERM | |
| Topical term or geographic name entry element | MEDIATION |
| 650 ## - SUBJECT ADDED ENTRY--TOPICAL TERM | |
| Topical term or geographic name entry element | GREEN PAPER ON ALTERNATIVE DISPUTE RESOLUTION IN CIVIL AND COMMERCIAL LAW |
| 650 ## - SUBJECT ADDED ENTRY--TOPICAL TERM | |
| Topical term or geographic name entry element | EUROPEAN UNION |
| 650 ## - SUBJECT ADDED ENTRY--TOPICAL TERM | |
| Topical term or geographic name entry element | ALTERNATIVE DISPUTE RESOLUTION |
| 650 ## - SUBJECT ADDED ENTRY--TOPICAL TERM | |
| Topical term or geographic name entry element | MEDIATORS |
| 690 ## - LOCAL SUBJECT ADDED ENTRY--TOPICAL TERM (OCLC, RLIN) | |
| Topical term or geographic name as entry element | Dispute resolution |
| 9 (RLIN) | 6236 |
| 700 ## - ADDED ENTRY--PERSONAL NAME | |
| Personal name | Singh, S. |
| 942 ## - ADDED ENTRY ELEMENTS (KOHA) | |
| Suppress in OPAC | 0 |
| Withdrawn status | Lost status | Source of classification or shelving scheme | Damaged status | Not for loan | Home library | Current library | Shelving location | Date acquired | Total Checkouts | Full call number | Barcode | Date last seen | Copy number | Price effective from | Koha item type |
|---|---|---|---|---|---|---|---|---|---|---|---|---|---|---|---|
| Dewey Decimal Classification | London | London | Journal article | 18/03/2005 | ABS68823 | 129105-1001 | 06/08/2019 | 1 | 06/08/2019 | Journal article |